Development in North East India: (Record no. 11820)

MARC details
000 -LEADER
fixed length control field 00675nam a22002057a 4500
005 - DATE AND TIME OF LATEST TRANSACTION
control field 20240517054129.0
008 - FIXED-LENGTH DATA ELEMENTS--GENERAL INFORMATION
fixed length control field 240517b |||||||| |||| 00| 0 eng d
020 ## - INTERNATIONAL STANDARD BOOK NUMBER
International Standard Book Number 9789393864291
040 ## - CATALOGING SOURCE
Original cataloging agency IN-DiNC
Transcribing agency IN-DiNC
041 ## - LANGUAGE CODE
Language code of sung or spoken text Assamese
082 ## - DEWEY DECIMAL CLASSIFICATION NUMBER
Classification number 338.9
Item number DEV
245 ## - TITLE STATEMENT
Title Development in North East India:
Remainder of title issues and prospects/
Statement of responsibility, etc. ed. by Bedabrat Saikia, Romen Kalita and Jamanur Rahman
260 ## - PUBLICATION, DISTRIBUTION, ETC.
Place of publication, distribution, etc. Guwahati:
Name of publisher, distributor, etc. Assam College Teachers Association,
Date of publication, distribution, etc. 2024.
300 ## - PHYSICAL DESCRIPTION
Extent xviii, 282p.
650 ## - SUBJECT ADDED ENTRY--TOPICAL TERM
Topical term or geographic name entry element Economic development in North East India
700 ## - ADDED ENTRY--PERSONAL NAME
Personal name Saikia, Bedabrat
Relator term Editor
700 ## - ADDED ENTRY--PERSONAL NAME
Personal name Kalita, Romen
Relator term Editor
700 ## - ADDED ENTRY--PERSONAL NAME
Personal name Rahman, Jamanur
Relator term Editor
942 ## - ADDED ENTRY ELEMENTS (KOHA)
Source of classification or shelving scheme Dewey Decimal Classification
Koha item type Books
Holdings
Withdrawn status Lost status Source of classification or shelving scheme Damaged status Not for loan Collection code Home library Current library Shelving location Date acquired Cost, normal purchase price Total Checkouts Full call number Barcode Date last seen Copy number Price effective from Koha item type
    Dewey Decimal Classification     Economics Central Library, Naharkatiya College Central Library, Naharkatiya College General Stacks 17/05/2024 550.00   338.9 DEV 29985 17/05/2024 1 17/05/2024 Books

Naharkatiya College © 2020. All rights reserved.

Powered By